000 02560ncm0a22004331 4500
001 RU\NLR\ONIZ\218868
005 20250626062718.0
021 _aRU
_b13-136н
_913-10н
035 _aRU\NLR\ONIZ\Таня\5000004817\20170622094529
035 _a(NLR Aleph) 011415354
090 _a11581653
_c11581653
100 _a20170622d2013 |||y0rusy50 ca
101 0 _arus
102 _aRU
125 _aix
128 _acc
145 0 _aa
200 1 _aКанон Пасхи
_bНоты
_fтворение преподобного Иоанна Дамаскина
_gрасшифровка распева и перелож. с греч. яз. И. В. Болдышевой
205 _a2-е изд., доп.
210 _aС.-Петербург
_cЦерковно-певческая школа во имя преподобного Иоанна Дамаскина
_d2013
215 _a40 с.
_cил.
_d29 см
225 1 _aПеснопения византийской традиции
_hВып. 1
300 _aНа с. 3-5: от авт. перелож.
300 _aНа с. 5: факсим. благословения Митрополита Кесарийского Василия
313 _aСистематизация документа проведена по изданию - Методика классифицирования музыкальных произведений (нотных изданий) по таблицам Библиотечно-библиографических классификаций : метод. рекомендации / Гос. б-ка СССР им. В.И. Ленина.- М., 1977. Индексу ББК методических рекомендаций присваивается код ББК для научных библиотек - LBC/SL
606 1 _aПасха
_xМузыкальные интерпретации
_jНоты
_2nlr_sh
686 _aЩ99(4Гр) Пасха
_vLBC/SL
_2rubbk
700 0 _9z02790
_aИоанн Дамаскин
_bИ.
_fок. 675 - ок.753 (780)
_gИоанн
_4230
_7ca
702 1 _9z03790
_aБолдышева
_bИ. В.
_f1960-
_gИрина Валентиновна
_4340
790 1 _9z02700
_aDamascenus
_bI.
_fок. 675-ок.753 (780)
_gIohannes
_4230
790 1 _9z03702
_aBoldysheva
_bI. V.
_f1960-
_gIrina Valentinovna
_4340
801 0 _aRU
_bNLR
_c20170622
_gPSBO
801 1 _aRU
_bNLR
_c20170622
_2rusmarc
801 2 _aRU
_bNLR
_c20170622
852 _aNLR
_bМ
_jК-3/26794(1)
_pМОЭ 2013-10н/136н (2 экз.)
_t1
942 _cSCORE
980 _aNB
980 _aONIZ